[Event "DEM U14 2025"]
[Site "Willingen GER"]
[Date "2025.06.08"]
[Round "1"]
[White "Ratushnyi, Viktor"]
[Black "Houben, Maximilian"]
[Result "1/2-1/2"]
[Termination "normal"]
[Board "6"]
[WhiteElo "2057"]
[BlackElo "1839"]
[WhiteClock "00:03:09"]
[BlackClock "00:11:10"]
[PlyCount "68"]
[WhiteFideId "34167293"]
[BlackFideId "34632760"]
[EventCountry "GER"]
[EventRounds "9"]
[EventType "swiss"]
[EventDate "2025.06.07"]

1. e4 {[%clk 01:30:58]} {[%emt 00:00:02]} e5 {[%clk 01:30:49]} {[%emt
00:00:11]} 2. Nf3 {[%clk 01:31:22]} {[%emt 00:00:06]} Nc6 {[%clk 01:31:15]}
{[%emt 00:00:05]} 3. Nc3 {[%clk 01:31:45]} {[%emt 00:00:06]} Nf6 {[%clk
01:31:39]} {[%emt 00:00:06]} 4. d4 {[%clk 01:32:09]} {[%emt 00:00:06]} exd4
{[%clk 01:31:53]} {[%emt 00:00:16]} 5. Nxd4 {[%clk 01:32:32]} {[%emt 00:00:07]}
Bb4 {[%clk 01:32:19]} {[%emt 00:00:05]} 6. Nxc6 {[%clk 01:32:52]} {[%emt
00:00:10]} bxc6 {[%clk 01:32:40]} {[%emt 00:00:09]} 7. Bd3 {[%clk 01:33:17]}
{[%emt 00:00:04]} d5 {[%clk 01:33:05]} {[%emt 00:00:05]} 8. Bd2 {[%clk
01:31:54]} {[%emt 00:01:54]} O-O {[%clk 01:23:29]} {[%emt 00:10:05]} 9. O-O
{[%clk 01:32:06]} {[%emt 00:00:18]} Rb8 {[%clk 01:14:09]} {[%emt 00:09:50]} 10.
Re1 {[%clk 01:08:14]} {[%emt 00:24:23]} Re8 {[%clk 01:00:21]} {[%emt 00:14:17]}
11. Qf3 {[%clk 00:46:08]} {[%emt 00:22:36]} dxe4 {[%clk 00:39:58]} {[%emt
00:20:53]} 12. Nxe4 {[%clk 00:43:57]} {[%emt 00:02:42]} Bxd2 {[%clk 00:38:02]}
{[%emt 00:02:26]} 13. Nxd2 {[%clk 00:43:31]} {[%emt 00:00:55]} Rxe1+ {[%clk
00:37:29]} {[%emt 00:01:03]} 14. Rxe1 {[%clk 00:43:54]} {[%emt 00:00:08]} Rxb2
{[%clk 00:37:51]} {[%emt 00:00:08]} 15. Ne4 {[%clk 00:36:18]} {[%emt 00:08:05]}
Be6 {[%clk 00:34:30]} {[%emt 00:03:51]} 16. Nxf6+ {[%clk 00:33:53]} {[%emt
00:02:56]} Qxf6 {[%clk 00:34:30]} {[%emt 00:00:29]} 17. Qxc6 {[%clk 00:34:11]}
{[%emt 00:00:12]} g6 {[%clk 00:33:21]} {[%emt 00:01:38]} 18. a4 {[%clk
00:30:16]} {[%emt 00:04:27]} Qd4 {[%clk 00:30:46]} {[%emt 00:03:04]} 19. a5
{[%clk 00:28:17]} {[%emt 00:02:29]} Qb4 {[%clk 00:28:47]} {[%emt 00:02:29]} 20.
Ra1 {[%clk 00:22:23]} {[%emt 00:06:24]} Bf5 {[%clk 00:24:54]} {[%emt 00:04:24]}
21. Qe8+ {[%clk 00:20:18]} {[%emt 00:02:35]} Kg7 {[%clk 00:23:30]} {[%emt
00:01:53]} 22. Qe5+ {[%clk 00:20:33]} {[%emt 00:00:15]} Kg8 {[%clk 00:23:24]}
{[%emt 00:00:36]} 23. c3 {[%clk 00:14:53]} {[%emt 00:06:11]} Qd6 {[%clk
00:19:48]} {[%emt 00:04:05]} 24. Qxd6 {[%clk 00:13:52]} {[%emt 00:01:31]} cxd6
{[%clk 00:20:10]} {[%emt 00:00:08]} 25. Bxf5 {[%clk 00:14:16]} {[%emt
00:00:06]} gxf5 {[%clk 00:20:34]} {[%emt 00:00:06]} 26. g3 {[%clk 00:13:01]}
{[%emt 00:01:46]} Kf8 {[%clk 00:18:51]} {[%emt 00:02:13]} 27. Ra4 {[%clk
00:05:31]} {[%emt 00:07:59]} Ke7 {[%clk 00:17:44]} {[%emt 00:01:36]} 28. a6
{[%clk 00:04:11]} {[%emt 00:01:51]} d5 {[%clk 00:13:29]} {[%emt 00:04:45]} 29.
c4 {[%clk 00:03:22]} {[%emt 00:01:19]} d4 {[%clk 00:12:54]} {[%emt 00:01:05]}
30. c5 {[%clk 00:03:41]} {[%emt 00:00:11]} d3 {[%clk 00:11:59]} {[%emt
00:01:25]} 31. Rd4 {[%clk 00:03:14]} {[%emt 00:00:57]} d2 {[%clk 00:10:19]}
{[%emt 00:02:09]} 32. Kg2 {[%clk 00:03:37]} {[%emt 00:00:07]} Rc2 {[%clk
00:10:36]} {[%emt 00:00:13]} 33. h4 {[%clk 00:02:43]} {[%emt 00:01:25]} Rxc5
{[%clk 00:10:44]} {[%emt 00:00:22]} 34. Rxd2 {[%clk 00:03:09]} {[%emt
00:00:04]} Ra5 {[%clk 00:11:10]} {[%emt 00:00:04]} 1/2-1/2

[Event "DEM U14 2025"]
[Site "Willingen GER"]
[Date "2025.06.08"]
[Round "1"]
[White "Schulz, Robin"]
[Black "Stephanblome, Felix"]
[Result "1-0"]
[Termination "normal"]
[Board "7"]
[WhiteElo "1939"]
[BlackElo "2022"]
[WhiteClock "00:04:47"]
[BlackClock "00:00:44"]
[PlyCount "80"]
[WhiteFideId "34641912"]
[BlackFideId "34661026"]
[EventCountry "GER"]
[EventRounds "9"]
[EventType "swiss"]
[EventDate "2025.06.07"]

1. d4 {[%clk 01:30:53]} {[%emt 00:00:07]} d5 {[%clk 01:30:51]} {[%emt
00:00:09]} 2. Nf3 {[%clk 01:31:19]} {[%emt 00:00:05]} Nf6 {[%clk 01:31:00]}
{[%emt 00:00:20]} 3. Bf4 {[%clk 01:31:42]} {[%emt 00:00:07]} e6 {[%clk
01:30:43]} {[%emt 00:00:47]} 4. e3 {[%clk 01:32:03]} {[%emt 00:00:09]} c5
{[%clk 01:30:42]} {[%emt 00:00:31]} 5. Nbd2 {[%clk 01:32:27]} {[%emt 00:00:07]}
Nc6 {[%clk 01:30:13]} {[%emt 00:00:57]} 6. Bb5 {[%clk 01:31:23]} {[%emt
00:01:35]} Qb6 {[%clk 01:17:12]} {[%emt 00:13:31]} 7. c4 {[%clk 01:31:18]}
{[%emt 00:00:35]} cxd4 {[%clk 01:13:40]} {[%emt 00:04:02]} 8. exd4 {[%clk
01:25:45]} {[%emt 00:06:04]} Be7 {[%clk 01:03:20]} {[%emt 00:10:49]} 9. O-O
{[%clk 01:25:23]} {[%emt 00:00:52]} O-O {[%clk 01:02:39]} {[%emt 00:01:11]} 10.
Bxc6 {[%clk 01:25:29]} {[%emt 00:00:24]} bxc6 {[%clk 01:02:46]} {[%emt
00:00:23]} 11. Qc2 {[%clk 01:25:36]} {[%emt 00:00:23]} Ba6 {[%clk 01:01:23]}
{[%emt 00:01:54]} 12. Rfd1 {[%clk 01:23:21]} {[%emt 00:02:44]} c5 {[%clk
00:59:23]} {[%emt 00:02:30]} 13. Be3 {[%clk 01:19:56]} {[%emt 00:03:55]} Rac8
{[%clk 00:50:24]} {[%emt 00:09:28]} 14. b3 {[%clk 01:15:27]} {[%emt 00:04:59]}
Ng4 {[%clk 00:47:41]} {[%emt 00:03:13]} 15. Rab1 {[%clk 01:05:07]} {[%emt
00:10:50]} Bf6 {[%clk 00:40:21]} {[%emt 00:07:50]} 16. Nf1 {[%clk 00:52:17]}
{[%emt 00:13:20]} Nxe3 {[%clk 00:34:36]} {[%emt 00:06:16]} 17. fxe3 {[%clk
00:51:10]} {[%emt 00:01:37]} Qd6 {[%clk 00:27:55]} {[%emt 00:07:11]} 18. b4
{[%clk 00:46:39]} {[%emt 00:05:02]} cxd4 {[%clk 00:23:43]} {[%emt 00:04:41]}
19. c5 {[%clk 00:47:01]} {[%emt 00:00:08]} Bxf1 {[%clk 00:23:21]} {[%emt
00:00:52]} 20. Rxf1 {[%clk 00:39:05]} {[%emt 00:08:26]} dxe3 {[%clk 00:23:17]}
{[%emt 00:00:33]} 21. Qd3 {[%clk 00:39:08]} {[%emt 00:00:27]} Qf4 {[%clk
00:22:37]} {[%emt 00:01:10]} 22. g3 {[%clk 00:36:54]} {[%emt 00:02:44]} Qc4
{[%clk 00:16:18]} {[%emt 00:06:49]} 23. Qxc4 {[%clk 00:34:23]} {[%emt
00:03:02]} dxc4 {[%clk 00:16:47]} {[%emt 00:00:02]} 24. Rfe1 {[%clk 00:34:04]}
{[%emt 00:00:48]} Rfd8 {[%clk 00:16:25]} {[%emt 00:00:52]} 25. Rxe3 {[%clk
00:33:56]} {[%emt 00:00:38]} c3 {[%clk 00:16:22]} {[%emt 00:00:32]} 26. Kf2
{[%clk 00:29:04]} {[%emt 00:05:23]} Rd5 {[%clk 00:13:05]} {[%emt 00:03:46]} 27.
Rc1 {[%clk 00:26:22]} {[%emt 00:03:13]} a5 {[%clk 00:11:36]} {[%emt 00:01:59]}
28. a3 {[%clk 00:26:18]} {[%emt 00:00:34]} Ra8 {[%clk 00:11:03]} {[%emt
00:01:03]} 29. Rexc3 {[%clk 00:17:55]} {[%emt 00:08:53]} Bxc3 {[%clk 00:11:20]}
{[%emt 00:00:12]} 30. Rxc3 {[%clk 00:18:21]} {[%emt 00:00:04]} axb4 {[%clk
00:08:35]} {[%emt 00:03:15]} 31. axb4 {[%clk 00:18:32]} {[%emt 00:00:20]} Rc8
{[%clk 00:08:07]} {[%emt 00:00:57]} 32. Ke3 {[%clk 00:18:05]} {[%emt 00:00:57]}
f6 {[%clk 00:07:03]} {[%emt 00:01:35]} 33. Nd4 {[%clk 00:13:04]} {[%emt
00:05:31]} Kf7 {[%clk 00:03:47]} {[%emt 00:03:46]} 34. Nb3 {[%clk 00:12:47]}
{[%emt 00:00:47]} Ke7 {[%clk 00:02:49]} {[%emt 00:01:27]} 35. b5 {[%clk
00:11:58]} {[%emt 00:01:20]} Kd8 {[%clk 00:00:45]} {[%emt 00:02:34]} 36. b6
{[%clk 00:06:53]} {[%emt 00:05:36]} Rb8 {[%clk 00:00:45]} {[%emt 00:00:29]} 37.
Na5 {[%clk 00:04:35]} {[%emt 00:02:48]} Rxb6 {[%clk 00:01:04]} {[%emt
00:00:11]} 38. cxb6 {[%clk 00:04:57]} {[%emt 00:00:08]} Rxa5 {[%clk 00:01:32]}
{[%emt 00:00:02]} 39. b7 {[%clk 00:04:49]} {[%emt 00:00:39]} Re5+ {[%clk
00:01:26]} {[%emt 00:00:36]} 40. Kf3 {[%clk 00:04:47]} {[%emt 00:00:31]} Rb5
{[%clk 00:00:44]} {[%emt 00:01:11]} 1-0

[Event "DEM U14 2025"]
[Site "Willingen GER"]
[Date "2025.06.08"]
[Round "1"]
[White "Nguyen, Thanh An"]
[Black "Lee, Ho In"]
[Result "1-0"]
[Termination "normal"]
[Board "8"]
[WhiteElo "2041"]
[BlackElo "1868"]
[WhiteClock "00:44:30"]
[BlackClock "00:00:47"]
[PlyCount "55"]
[WhiteFideId "34627804"]
[BlackFideId "34623655"]
[EventCountry "GER"]
[EventRounds "9"]
[EventType "swiss"]
[EventDate "2025.06.07"]

1. d4 {[%clk 01:30:58]} {[%emt 00:00:02]} d5 {[%clk 01:30:52]} {[%emt
00:00:08]} 2. c4 {[%clk 01:31:24]} {[%emt 00:00:03]} dxc4 {[%clk 01:31:03]}
{[%emt 00:00:20]} 3. e4 {[%clk 01:31:34]} {[%emt 00:00:20]} b5 {[%clk
01:31:06]} {[%emt 00:00:27]} 4. a4 {[%clk 01:30:36]} {[%emt 00:01:27]} c6
{[%clk 01:30:30]} {[%emt 00:01:07]} 5. axb5 {[%clk 01:29:34]} {[%emt 00:01:32]}
cxb5 {[%clk 01:30:16]} {[%emt 00:00:44]} 6. b3 {[%clk 01:27:29]} {[%emt
00:02:35]} e6 {[%clk 01:19:03]} {[%emt 00:11:43]} 7. Nf3 {[%clk 01:24:33]}
{[%emt 00:03:26]} Bb7 {[%clk 01:15:42]} {[%emt 00:03:51]} 8. bxc4 {[%clk
01:23:53]} {[%emt 00:01:09]} bxc4 {[%clk 01:15:10]} {[%emt 00:01:03]} 9. Nc3
{[%clk 01:21:47]} {[%emt 00:02:35]} Nf6 {[%clk 01:11:35]} {[%emt 00:04:05]} 10.
Bxc4 {[%clk 01:09:25]} {[%emt 00:12:52]} Bb4 {[%clk 00:37:08]} {[%emt
00:34:57]} 11. Qa4+ {[%clk 01:09:10]} {[%emt 00:00:45]} Nc6 {[%clk 00:37:26]}
{[%emt 00:00:12]} 12. Bd2 {[%clk 01:08:40]} {[%emt 00:01:00]} O-O {[%clk
00:37:14]} {[%emt 00:00:42]} 13. e5 {[%clk 01:02:19]} {[%emt 00:06:50]} Bxc3
{[%clk 00:34:27]} {[%emt 00:03:18]} 14. Bxc3 {[%clk 01:02:44]} {[%emt
00:00:06]} Nd5 {[%clk 00:34:47]} {[%emt 00:00:10]} 15. Bxd5 {[%clk 00:59:54]}
{[%emt 00:03:19]} Qxd5 {[%clk 00:33:18]} {[%emt 00:01:58]} 16. O-O {[%clk
00:59:52]} {[%emt 00:00:32]} Rac8 {[%clk 00:31:38]} {[%emt 00:02:11]} 17. Rab1
{[%clk 00:49:52]} {[%emt 00:10:31]} Ba8 {[%clk 00:02:54]} {[%emt 00:29:14]} 18.
Rfc1 {[%clk 00:46:24]} {[%emt 00:03:57]} Rfd8 {[%clk 00:01:17]} {[%emt
00:02:07]} 19. Rb5 {[%clk 00:45:38]} {[%emt 00:01:16]} Qe4 {[%clk 00:01:23]}
{[%emt 00:00:23]} 20. Rc5 {[%clk 00:45:28]} {[%emt 00:00:41]} Ne7 {[%clk
00:00:35]} {[%emt 00:01:18]} 21. Qxa7 {[%clk 00:45:24]} {[%emt 00:00:34]} Nf5
{[%clk 00:00:31]} {[%emt 00:00:34]} 22. Ba5 {[%clk 00:44:32]} {[%emt 00:01:22]}
Rxc5 {[%clk 00:00:41]} {[%emt 00:00:20]} 23. Qxc5 {[%clk 00:44:55]} {[%emt
00:00:07]} Re8 {[%clk 00:00:32]} {[%emt 00:00:39]} 24. Qc8 {[%clk 00:44:40]}
{[%emt 00:00:45]} Rf8 {[%clk 00:00:32]} {[%emt 00:00:30]} 25. Bb4 {[%clk
00:44:55]} {[%emt 00:00:15]} h6 {[%clk 00:00:35]} {[%emt 00:00:27]} 26. Qxf8+
{[%clk 00:45:18]} {[%emt 00:00:07]} Kh7 {[%clk 00:01:00]} {[%emt 00:00:05]} 27.
Qxf7 {[%clk 00:44:36]} {[%emt 00:01:11]} Nxd4 {[%clk 00:00:47]} {[%emt
00:00:43]} 28. Ng5+ {[%clk 00:44:30]} {[%emt 00:00:37]} 1-0

[Event "DEM U14 2025"]
[Site "Willingen GER"]
[Date "2025.06.08"]
[Round "1"]
[White "Lanert, Theodor"]
[Black "Vranckx, Oscar"]
[Result "0-1"]
[Termination "normal"]
[Board "9"]
[WhiteElo "1793"]
[BlackElo "2018"]
[WhiteClock "00:00:44"]
[BlackClock "00:26:56"]
[PlyCount "80"]
[WhiteFideId "34605576"]
[BlackFideId "34608788"]
[EventCountry "GER"]
[EventRounds "9"]
[EventType "swiss"]
[EventDate "2025.06.07"]

1. e4 {[%clk 01:30:51]} {[%emt 00:00:09]} e6 {[%clk 01:30:36]} {[%emt
00:00:25]} 2. d4 {[%clk 01:30:05]} {[%emt 00:01:16]} d5 {[%clk 01:30:58]}
{[%emt 00:00:07]} 3. exd5 {[%clk 01:30:15]} {[%emt 00:00:21]} exd5 {[%clk
01:31:16]} {[%emt 00:00:12]} 4. c4 {[%clk 01:29:19]} {[%emt 00:01:25]} Nf6
{[%clk 01:29:14]} {[%emt 00:02:33]} 5. Nc3 {[%clk 01:27:45]} {[%emt 00:02:04]}
Be7 {[%clk 01:28:30]} {[%emt 00:01:14]} 6. Bg5 {[%clk 01:24:38]} {[%emt
00:03:36]} dxc4 {[%clk 01:28:06]} {[%emt 00:00:55]} 7. Bxc4 {[%clk 01:20:53]}
{[%emt 00:04:15]} Nc6 {[%clk 01:23:18]} {[%emt 00:05:18]} 8. Nge2 {[%clk
01:04:49]} {[%emt 00:16:33]} O-O {[%clk 01:22:14]} {[%emt 00:01:35]} 9. O-O
{[%clk 01:04:07]} {[%emt 00:01:12]} Bg4 {[%clk 01:21:28]} {[%emt 00:01:16]} 10.
Be3 {[%clk 00:59:27]} {[%emt 00:05:10]} Qd7 {[%clk 01:19:50]} {[%emt 00:02:08]}
11. f3 {[%clk 00:54:41]} {[%emt 00:05:16]} Bf5 {[%clk 01:16:21]} {[%emt
00:03:59]} 12. Qd2 {[%clk 00:49:55]} {[%emt 00:05:16]} Rad8 {[%clk 01:13:05]}
{[%emt 00:03:46]} 13. Rad1 {[%clk 00:48:09]} {[%emt 00:02:15]} Rfe8 {[%clk
01:08:24]} {[%emt 00:05:11]} 14. a3 {[%clk 00:44:35]} {[%emt 00:04:05]} a6
{[%clk 01:04:17]} {[%emt 00:04:38]} 15. Rfe1 {[%clk 00:38:33]} {[%emt
00:06:31]} b5 {[%clk 00:53:21]} {[%emt 00:11:26]} 16. Bd3 {[%clk 00:29:29]}
{[%emt 00:09:34]} Be6 {[%clk 00:45:36]} {[%emt 00:08:14]} 17. b4 {[%clk
00:24:17]} {[%emt 00:05:43]} Nd5 {[%clk 00:44:50]} {[%emt 00:01:16]} 18. Nxd5
{[%clk 00:21:55]} {[%emt 00:02:52]} Bxd5 {[%clk 00:45:01]} {[%emt 00:00:19]}
19. Nc3 {[%clk 00:20:45]} {[%emt 00:01:40]} Bb3 {[%clk 00:42:29]} {[%emt
00:03:02]} 20. Bc2 {[%clk 00:13:52]} {[%emt 00:07:22]} Bxc2 {[%clk 00:42:03]}
{[%emt 00:00:57]} 21. Qxc2 {[%clk 00:14:14]} {[%emt 00:00:08]} Bh4 {[%clk
00:39:27]} {[%emt 00:03:05]} 22. Re2 {[%clk 00:09:24]} {[%emt 00:05:21]} Bf6
{[%clk 00:37:34]} {[%emt 00:02:22]} 23. d5 {[%clk 00:04:48]} {[%emt 00:05:07]}
Ne5 {[%clk 00:35:54]} {[%emt 00:02:10]} 24. Ne4 {[%clk 00:05:11]} {[%emt
00:00:07]} Be7 {[%clk 00:34:13]} {[%emt 00:02:10]} 25. Bc5 {[%clk 00:02:02]}
{[%emt 00:03:39]} f5 {[%clk 00:33:07]} {[%emt 00:01:36]} 26. Bxe7 {[%clk
00:02:28]} {[%emt 00:00:05]} Qxe7 {[%clk 00:33:04]} {[%emt 00:00:32]} 27. Ng3
{[%clk 00:02:12]} {[%emt 00:00:46]} f4 {[%clk 00:32:54]} {[%emt 00:00:41]} 28.
Ne4 {[%clk 00:02:35]} {[%emt 00:00:07]} Nc4 {[%clk 00:32:52]} {[%emt 00:00:32]}
29. Rde1 {[%clk 00:02:22]} {[%emt 00:00:43]} Ne3 {[%clk 00:32:56]} {[%emt
00:00:25]} 30. Qc6 {[%clk 00:02:16]} {[%emt 00:00:35]} Qe5 {[%clk 00:32:02]}
{[%emt 00:01:25]} 31. Qxa6 {[%clk 00:01:48]} {[%emt 00:00:59]} Rxd5 {[%clk
00:30:38]} {[%emt 00:01:53]} 32. Qc6 {[%clk 00:01:42]} {[%emt 00:00:37]} Red8
{[%clk 00:30:21]} {[%emt 00:00:47]} 33. Qc3 {[%clk 00:01:04]} {[%emt 00:01:08]}
Rd4 {[%clk 00:28:37]} {[%emt 00:02:14]} 34. Qb3+ {[%clk 00:01:00]} {[%emt
00:00:34]} Kf8 {[%clk 00:28:20]} {[%emt 00:00:46]} 35. Nc5 {[%clk 00:01:13]}
{[%emt 00:00:17]} R8d6 {[%clk 00:27:53]} {[%emt 00:00:58]} 36. Ne4 {[%clk
00:01:20]} {[%emt 00:00:23]} Rd3 {[%clk 00:27:38]} {[%emt 00:00:45]} 37. Qa2
{[%clk 00:01:48]} R6d5 {[%clk 00:27:05]} {[%emt 00:01:03]} 38. Rd2 {[%clk
00:01:08]} {[%emt 00:01:11]} Rxd2 {[%clk 00:26:40]} {[%emt 00:00:55]} 39. Nxd2
{[%clk 00:01:36]} {[%emt 00:00:02]} Qc3 {[%clk 00:26:50]} {[%emt 00:00:20]} 40.
Rd1 {[%clk 00:00:44]} {[%emt 00:01:22]} Nxd1 {[%clk 00:26:56]} {[%emt
00:00:24]} 0-1

[Event "DEM U14 2025"]
[Site "Willingen GER"]
[Date "2025.06.08"]
[Round "1"]
[White "Sepe, Giovanni Paolo"]
[Black "Prashanthakumar, Arju"]
[Result "1/2-1/2"]
[Termination "normal"]
[Board "10"]
[WhiteElo "2101"]
[BlackElo "1809"]
[WhiteClock "00:19:05"]
[BlackClock "00:48:21"]
[PlyCount "84"]
[WhiteFideId "34631909"]
[BlackFideId "34604065"]
[EventCountry "GER"]
[EventRounds "9"]
[EventType "swiss"]
[EventDate "2025.06.07"]

1. e4 {[%clk 01:30:57]} {[%emt 00:00:02]} e6 {[%clk 01:30:50]} {[%emt
00:00:10]} 2. d4 {[%clk 01:31:24]} {[%emt 00:00:04]} d5 {[%clk 01:31:13]}
{[%emt 00:00:07]} 3. Nd2 {[%clk 01:31:46]} {[%emt 00:00:08]} c5 {[%clk
01:31:27]} {[%emt 00:00:16]} 4. exd5 {[%clk 01:31:43]} {[%emt 00:00:33]} Qxd5
{[%clk 01:31:47]} {[%emt 00:00:09]} 5. Ngf3 {[%clk 01:32:07]} {[%emt 00:00:06]}
cxd4 {[%clk 01:32:07]} {[%emt 00:00:10]} 6. Bc4 {[%clk 01:32:31]} {[%emt
00:00:06]} Qd6 {[%clk 01:32:30]} {[%emt 00:00:07]} 7. O-O {[%clk 01:32:55]}
{[%emt 00:00:07]} Nf6 {[%clk 01:32:46]} {[%emt 00:00:14]} 8. Nb3 {[%clk
01:33:19]} {[%emt 00:00:05]} Nc6 {[%clk 01:33:09]} {[%emt 00:00:07]} 9. Nbxd4
{[%clk 01:33:31]} {[%emt 00:00:18]} Nxd4 {[%clk 01:33:31]} {[%emt 00:00:08]}
10. Nxd4 {[%clk 01:33:57]} {[%emt 00:00:04]} Be7 {[%clk 01:33:50]} {[%emt
00:00:11]} 11. b3 {[%clk 01:34:24]} {[%emt 00:00:04]} O-O {[%clk 01:33:40]}
{[%emt 00:00:39]} 12. Bb2 {[%clk 01:34:30]} {[%emt 00:00:25]} Qf4 {[%clk
01:32:00]} {[%emt 00:02:10]} 13. Qf3 {[%clk 01:28:42]} {[%emt 00:06:18]} Qxf3
{[%clk 01:30:15]} {[%emt 00:02:14]} 14. Nxf3 {[%clk 01:29:06]} {[%emt
00:00:07]} b6 {[%clk 01:28:11]} {[%emt 00:02:34]} 15. Be2 {[%clk 01:19:47]}
{[%emt 00:09:48]} Bb7 {[%clk 01:22:05]} {[%emt 00:06:36]} 16. c4 {[%clk
01:17:17]} {[%emt 00:03:00]} Rfd8 {[%clk 01:18:20]} {[%emt 00:04:15]} 17. Rad1
{[%clk 01:15:31]} {[%emt 00:02:17]} Rxd1 {[%clk 01:12:09]} {[%emt 00:06:41]}
18. Rxd1 {[%clk 01:15:52]} {[%emt 00:00:09]} Rd8 {[%clk 01:12:22]} {[%emt
00:00:16]} 19. Rxd8+ {[%clk 01:09:20]} {[%emt 00:07:02]} Bxd8 {[%clk 01:11:24]}
{[%emt 00:01:28]} 20. Ne5 {[%clk 00:58:18]} {[%emt 00:11:32]} Kf8 {[%clk
00:58:29]} {[%emt 00:13:24]} 21. b4 {[%clk 00:45:17]} {[%emt 00:13:32]} Be7
{[%clk 00:48:18]} {[%emt 00:10:42]} 22. a3 {[%clk 00:40:16]} {[%emt 00:05:30]}
Bd6 {[%clk 00:43:40]} {[%emt 00:05:06]} 23. Bd4 {[%clk 00:35:28]} {[%emt
00:05:20]} Ke7 {[%clk 00:40:54]} {[%emt 00:03:16]} 24. Nd3 {[%clk 00:16:44]}
{[%emt 00:19:15]} g6 {[%clk 00:35:25]} {[%emt 00:05:58]} 25. c5 {[%clk
00:12:09]} {[%emt 00:05:05]} bxc5 {[%clk 00:33:07]} {[%emt 00:02:48]} 26. Nxc5
{[%clk 00:10:53]} {[%emt 00:01:46]} Bd5 {[%clk 00:32:25]} {[%emt 00:01:12]} 27.
Na6 {[%clk 00:11:14]} {[%emt 00:00:09]} Ne4 {[%clk 00:29:37]} {[%emt 00:03:18]}
28. Bxa7 {[%clk 00:08:04]} {[%emt 00:03:41]} Nc3 {[%clk 00:28:56]} {[%emt
00:01:10]} 29. Bf1 {[%clk 00:07:24]} {[%emt 00:01:10]} Bc6 {[%clk 00:26:55]}
{[%emt 00:02:32]} 30. Bd4 {[%clk 00:05:27]} {[%emt 00:02:27]} Nb5 {[%clk
00:26:42]} {[%emt 00:00:43]} 31. Bb2 {[%clk 00:05:52]} {[%emt 00:00:05]} Nc7
{[%clk 00:24:45]} {[%emt 00:02:26]} 32. Nxc7 {[%clk 00:05:58]} {[%emt
00:00:24]} Bxc7 {[%clk 00:25:09]} {[%emt 00:00:06]} 33. Bd4 {[%clk 00:05:48]}
{[%emt 00:00:40]} e5 {[%clk 00:24:45]} {[%emt 00:00:54]} 34. Bc5+ {[%clk
00:06:13]} {[%emt 00:00:05]} Kd7 {[%clk 00:23:28]} {[%emt 00:01:47]} 35. Ba6
{[%clk 00:04:56]} {[%emt 00:01:48]} Ba4 {[%clk 00:22:24]} {[%emt 00:01:32]} 36.
Kf1 {[%clk 00:02:12]} {[%emt 00:03:15]} Kc6 {[%clk 00:21:15]} {[%emt 00:01:38]}
37. Ke2 {[%clk 00:01:09]} {[%emt 00:01:33]} Kd5 {[%clk 00:21:00]} {[%emt
00:00:45]} 38. Ba7 {[%clk 00:01:03]} {[%emt 00:00:37]} Bd6 {[%clk 00:20:27]}
{[%emt 00:01:03]} 39. b5 {[%clk 00:00:45]} {[%emt 00:00:48]} Bxa3 {[%clk
00:20:43]} {[%emt 00:00:14]} 40. b6 {[%emt 00:00:47]} Bc5 {[%clk 00:20:59]} 41.
Bb7+ {[%clk 00:00:56]} {[%emt 00:00:16]} Bc6 {[%clk 00:19:52]} {[%emt
00:01:36]} 42. Ba6 {[%clk 00:19:05]} {[%emt 00:12:22]} f5 {[%clk 00:48:21]}
{[%emt 00:02:01]} 1/2-1/2